| 000 | 00853nam a2200217Ia 4500 | ||
|---|---|---|---|
| 999 |
_c38021 _d38021 |
||
| 003 | OSt | ||
| 005 | 20210226150420.0 | ||
| 008 | 160316s1967 xxu||||| |||| 00| 0 eng d | ||
| 020 | _a9780674634008 | ||
| 040 | _cn | ||
| 082 |
_a328.345000 _bWAL |
||
| 100 | _aWalter Gellhorn | ||
| 245 | _aOmbudsmen and others: citizens' protectors in nine countries | ||
| 260 |
_aCambridge _bHarvard University Press _c1967 |
||
| 300 | _a448p | ||
| 365 | _b Gratis | ||
| 505 | _aContents: Frontmatter; Preface; Contents; Abbreviations; Introduction; One. Denmark; Two. Finland; Three. New Zealand; Four. Norway; Five. Sweden; Six. Yugoslavia; Seven. Poland; Eight. The Soviet Union; Nine. Japan; Ten. Common Strands in the Fabric of Controls; Index | ||
| 650 | _a1. Ombudspersons 2. Administrative Remedies | ||
| 700 |
_a _a |
||
| 942 |
_2ddc _cBK |
||